Zmeny v účtovnom systéme podnikateľských subjektov v procese prechodu na EURO v SR bakalárska práca

Enregistré dans:
Détails bibliographiques
Auteur principal: Priadka, Martin
Collectivité auteur: Fakulta hospodárskej informatiky EU. Katedra účtovníctva a audítorstva
Autres auteurs: Solík, Ján
Format: Livre
Langue:slovaque
Publié: Bratislava 2009
Tags: Ajouter un tag
Pas de tags, Soyez le premier à ajouter un tag!

MARC

LEADER 00000nam$a2200000$$$4500
001 0102192
005 20240318135109.8
041 0 |a slo 
044 |a SK 
245 1 0 |a Zmeny v účtovnom systéme podnikateľských subjektov v procese prechodu na EURO v SR  |b bakalárska práca  |c Martin Priadka ; škol. Ján Solík 
264 1 |a Bratislava  |c 2009 
300 |a 31 s. 
100 1 |a Priadka, Martin 
700 1 |a Solík, Ján 
710 2 |a Fakulta hospodárskej informatiky EU. Katedra účtovníctva a audítorstva